Geografía Económica de Colombia / (Registro nro. 6874)

Detalles MARC
000 -LEADER
fixed length control field 00788nam a22002297a 4500
003 - CONTROL NUMBER IDENTIFIER
control field OSt
005 - DATE AND TIME OF LATEST TRANSACTION
control field 20200922161550.0
008 - FIXED-LENGTH DATA ELEMENTS--GENERAL INFORMATION
fixed length control field 200922s2006 ck aodbgr|||| 00| 0 spa d
020 ## - INTERNATIONAL STANDARD BOOK NUMBER
International Standard Book Number 9587061721
040 ## - CATALOGING SOURCE
Original cataloging agency CO-JMCR
Transcribing agency CO-JMCR
041 0# - LANGUAGE CODE
Language code of text/sound track or separate title spa
082 04 - DEWEY DECIMAL CLASSIFICATION NUMBER
Classification number 918.61 /
Item number U588g
Edition number 23
110 2# - MAIN ENTRY--CORPORATE NAME
Corporate name or jurisdiction name as entry element Universidad de los Andes
9 (RLIN) 10674
245 1# - TITLE STATEMENT
Title Geografía Económica de Colombia /
Statement of responsibility, etc. Universidad de los Andes
260 ## - PUBLICATION, DISTRIBUTION, ETC.
Place of publication, distribution, etc. Bogotá :
Name of publisher, distributor, etc. Casa Editorial El Tiempo,
Date of publication, distribution, etc. 2006
300 ## - PHYSICAL DESCRIPTION
Extent 208 páginas :
Other physical details ilustraciones, fotografías, gráficos y mapas a color ;
Dimensions 28 cm.
500 ## - GENERAL NOTE
General note <br/>
505 0# - FORMATTED CONTENTS NOTE
Formatted contents note Región Pacífica -- Región Andina -- Región Orinoquía -- Región Caribe
650 14 - SUBJECT ADDED ENTRY--TOPICAL TERM
Topical term or geographic name entry element Geografía económica
Geographic subdivision Colombia
9 (RLIN) 10675
651 #4 - SUBJECT ADDED ENTRY--GEOGRAPHIC NAME
Geographic name Colombia
General subdivision geografía
9 (RLIN) 10676
942 ## - ADDED ENTRY ELEMENTS (KOHA)
Source of classification or shelving scheme Dewey Decimal Classification
Koha item type Books
Existencias
Withdrawn status Lost status Source of classification or shelving scheme Damaged status Not for loan Collection code Home library Current library Date acquired Source of acquisition Total Checkouts Full call number Barcode Date last seen Date last checked out Copy number Price effective from Koha item type
    Dewey Decimal Classification     Non-fiction Biblioteca Pública José María del Castillo y Rada Biblioteca Pública José María del Castillo y Rada 04/15/2018 Donación 3 918.61 / U588g 430012235 11/08/2024 11/07/2024 Ej.1 09/22/2020 Books
    Dewey Decimal Classification     Non-fiction Biblioteca Pública José María del Castillo y Rada Biblioteca Pública José María del Castillo y Rada 04/15/2018 Donación   918.61 / U588g 430012236 05/16/2024   Ej.2 01/20/2021 Books